000 00408nam a2200121Ia 4500
008 151213s9999 xx 000 0 und d
245 _aনয়ন চারা সৈয়দ ওয়ালিউল্লাহ।
260 _aঢাকা
_bনওরোজ বিতাবিস্তান।
_c1985
300 _a8522 p.
650 _aBengali Literature
650 _aBengali Literature
999 _c4359
_d4359